000 00929nam a2200229Ia 4500
001 9759
003 GE_BSU
008 181216s||||||||xx |||||||||||||| ||und||
040 _cGE_BSU
080 _a821.353.1-4
100 _aნუცუბიძე,ლ. სამხარაძე,გ. სანიკიძე,ლ. უბილავა,ე.
245 _aხანისწყლის პირას
245 _bმხატვრული ნარკვევების კრებული
245 _cრედ. კ.ლორთქიფანიძე.მხატვრ.შ.დოლიძე
260 _aთბილისი
260 _bნაკადული
260 _c1973
300 _a199გვ.ილ.21სმ.
653 _aმხატვრული ნარკვევების კრებული
653 _aხანისწყლის პირას
942 _cBK
999 _c43039
_d43039